| 000 | 01412nam a2200277Ia 4500 | ||
|---|---|---|---|
| 999 |
_c5672 _d5672 |
||
| 003 | OSt | ||
| 005 | 20200704120925.0 | ||
| 008 | 191128s2009 ck fr 001 0 spa d | ||
| 020 | _a9789586485852 | ||
| 040 |
_aCO-JMCR _cCO-JMCR |
||
| 041 | 0 | _aspa | |
| 082 | 0 | 4 |
_a336.24 / _bG216i _223 |
| 100 | 1 |
_aGarcía Restrepo, Javier, _eautor _96663 |
|
| 245 | 1 | 0 |
_aImpuesto de renta : _blas grandes falencias del contribuyente / _cJavier E. García Restrepo |
| 250 | _aPrimera edición | ||
| 260 |
_aBogotá : _bEcoe, _c2009 |
||
| 300 |
_axvi, 178 páginas ; _c24 cm. |
||
| 490 | 0 | _aCiencias administrativas. Área contabilidad y finanzas | |
| 500 | _aIncluye índice de abreviaturas. | ||
| 504 | _aBibliografía: páginas 177-178 | ||
| 505 | 0 | _aNo leer el Estatuto Tributario de acuerdo a las coherencias -- Predicar que todos los dividendos son no constitutivos de renta ni ganancia ocasional -- Solicitar como I.N.C.R.N.G.O. la indemnización por daño emergente conjuntamente con el costo fiscal | |
| 520 | 3 | _aSe tratarán aquellos pecados o falencias que a mi consideración son importantes, eso sí, sin agotar el tema, y con la seguridad de que cada vez que lea una norma, vieja o actual o cada vez que entienda mejor el suceder tributario, es posible que encuentre | |
| 650 | 1 | 4 |
_aImpuestos sobre la renta _zColombia _96664 |
| 650 | 1 | 4 |
_aCuentas de orden fiscales _zColombia _96665 |
| 942 |
_2ddc _cBK |
||